Thiết kế thiết bị gia nhiệt Ohm và khảo sát ảnh hưởng của điều kiện gia nhiệt Ohm để thanh trùng nước ép bưởi : Đề tài nghiên cứu Khoa học cấp trường
Đã lưu trong:
| Príomhúdar: | |
|---|---|
| Formáid: | Đề tài khoa học |
| Teanga: | Undetermined |
| Foilsithe: |
Trường Đại học Công nghiệp Tp. Hồ Chí Minh
2019
|
| Ábhair: | |
| Clibeanna: |
Cuir Clib Leis
Gan Chlibeanna, Bí ar an gcéad duine leis an taifead seo a chlibeáil!
|
| Thư viện lưu trữ: | Trung tâm Thư viện - Trường Đại học Công nghiệp TP. Hồ Chí Minh |
|---|
| LEADER | 00779nam a2200157Ia 4500 | ||
|---|---|---|---|
| 001 | UIH_00699 | ||
| 008 | 230809s9999 xx 000 0 und d | ||
| 082 | |a 664 | ||
| 100 | |a Đoàn, Như Khuê | ||
| 245 | 0 | |a Thiết kế thiết bị gia nhiệt Ohm và khảo sát ảnh hưởng của điều kiện gia nhiệt Ohm để thanh trùng nước ép bưởi : Đề tài nghiên cứu Khoa học cấp trường | |
| 245 | 0 | |c Đoàn, Như Khuê | |
| 260 | |b Trường Đại học Công nghiệp Tp. Hồ Chí Minh | ||
| 260 | |c 2019 | ||
| 650 | |a Công nghệ thực phẩm;Đồ uống; | ||
| 927 | |a Đề tài khoa học | ||
| 980 | |a Trung tâm Thư viện - Trường Đại học Công nghiệp TP. Hồ Chí Minh | ||